[Event "St Chely d'Aubrac op 11th"]
[Site "St Chely d'Aubrac"]
[Date "2011.07.13"]
[Round "6"]
[White "Meyer, Eric"]
[Black "Souttre, Matthieu"]
[Result "0-1"]
[WhiteElo "1708"]
[BlackElo "1490"]
[PlyCount "104"]
[EventDate "2011.07.09"]
[EventType "swiss"]
[EventRounds "7"]
[EventCountry "FRA"]
[SourceTitle "CBM 143 Extra"]
[Source "ChessBase"]
[SourceDate "2011.08.29"]
[SourceVersion "1"]
[SourceVersionDate "2011.08.29"]
[SourceQuality "1"]

1. d4 c5 2. d5 d6 3. c4 g6 4. Nc3 Bg7 5. Nf3 Nf6 6. e4 0-0 7. Be2 Nbd7 8. 0-0 b6 9. Rb1 Bb7 10. Be3 Ng4 11. Bf4 Nde5 12. Nd2 a6 13. a3 Qc7 14. Be3 Nf6 15. f4 Ned7 16. Nf3 Rfe8 17. Bf2 Ng4 18. Bg3 Ne3 19. Qd3 Nxf1 20. Rxf1 Nf6 21. Kh1 Nh5 22. Nh4 Nxg3+ 23. Qxg3 e6 24. f5 exf5 25. exf5 Bxc3 26. fxg6 fxg6 27. Bg4 Be5 28. Qh3 Bc8 29. Be6+ Bxe6 30. dxe6 Rf8 31. Re1 Qe7 32. Nf3 Bxb2 33. a4 Bg7 34. Re4 Bf6 35. g4 Kg7 36. Qg2 Bg5 37. h3 Rf4 38. Nxg5 Rxe4 39. Qxe4 Re8 40. Qf4 h6 41. Nf7 Qxe6 42. Qxh6+ Kxf7 43. Qh7+ Kf6 44. Qh4+ g5 45. Qh6+ Ke7 46. Qxg5+ Kd7 47. Qc1 Qe1+ 48. Qxe1 Rxe1+ 49. Kg2 Re4 50. Kg3 Ke7 51. g5 Kf7 52. h4 Kg6 0-1

[Event "St Chely d'Aubrac op 11th"]
[Site "St Chely d'Aubrac"]
[Date "2011.07.12"]
[Round "5"]
[White "Taravel, Arno"]
[Black "Souttre, Matthieu"]
[Result "0-1"]
[WhiteElo "1410"]
[BlackElo "1490"]
[PlyCount "72"]
[EventDate "2011.07.09"]
[EventType "swiss"]
[EventRounds "7"]
[EventCountry "FRA"]
[SourceTitle "CBM 143 Extra"]
[Source "ChessBase"]
[SourceDate "2011.08.29"]
[SourceVersion "1"]
[SourceVersionDate "2011.08.29"]
[SourceQuality "1"]

1. e4 c5 2. Nf3 d6 3. h3 Nc6 4. c3 Nf6 5. d3 g6 6. Bg5 Bg7 7. Bxf6 Bxf6 8. d4 Qb6 9. d5 Qxb2 10. Nbd2 Ne5 11. Nxe5 Bxe5 12. Rb1 Qxa2 13. Bb5+ Kf8 14. c4 Bc3 15. f3 Bxd2+ 16. Kf1 Be3 17. Qe1 Qd2 18. g4 Qxe1+ 19. Kxe1 a6 20. Ra1 Kg7 21. Ba4 h5 22. Ke2 Bd4 23. Ra3 hxg4 24. f4 gxh3 25. Bc2 Bg4+ 26. Kf1 h2 27. Rg3 Rh4 28. f5 g5 29. Kg2 Bg1 30. Ba4 f6 31. Bd7 Be2 32. Rb3 Rb8 33. e5 Bxc4 34. exf6+ Kxf6 35. Ra3 Bxd5+ 36. Kg3 Bxh1 0-1

[Event "St Chely d'Aubrac op 11th"]
[Site "St Chely d'Aubrac"]
[Date "2011.07.11"]
[Round "4"]
[White "Souttre, Matthieu"]
[Black "Grange, Emmanuel"]
[Result "0-1"]
[WhiteElo "1490"]
[BlackElo "1675"]
[PlyCount "106"]
[EventDate "2011.07.09"]
[EventType "swiss"]
[EventRounds "7"]
[EventCountry "FRA"]
[SourceTitle "CBM 143 Extra"]
[Source "ChessBase"]
[SourceDate "2011.08.29"]
[SourceVersion "1"]
[SourceVersionDate "2011.08.29"]
[SourceQuality "1"]

1. d4 d5 2. c4 e6 3. Nc3 Nf6 4. Bg5 Be7 5. e3 0-0 6. Nf3 Nbd7 7. cxd5 Nxd5 8. Bxe7 Qxe7 9. Nxd5 exd5 10. g3 Nf6 11. Bg2 Ne4 12. 0-0 Bg4 13. h3 Bh5 14. g4 Bg6 15. Ne5 Rae8 16. Nxg6 fxg6 17. Rc1 c6 18. a3 Rf7 19. Qe1 Ref8 20. f4 h6 21. h4 Re8 22. Bf3 Nd6 23. Rc3 Nc4 24. Qf2 Rf6 25. Re1 b5 26. b4 Kh8 27. Bh1 Re6 28. f5 Rf6 29. e4 gxf5 30. gxf5 Qf7 31. exd5 Rxe1+ 32. Qxe1 cxd5 33. Rf3 Rxf5 34. Rxf5 Qxf5 35. Qe8+ Kh7 36. Qxb5 Qg4+ 37. Bg2 Qxd4+ 38. Kh2 Qxh4+ 39. Kg1 Qd4+ 40. Kh2 Qf4+ 41. Kh3 Qf5+ 42. Kh2 Nxa3 43. Qxd5 Qxd5 44. Bxd5 Kg6 45. Kg3 Kf6 46. Kf4 g5+ 47. Kg4 Nb5 48. Kh5 Kg7 49. Be4 Nd6 50. Bg6 Nf7 51. b5 Nd6 52. Bd3 Ne8 53. Bc2 Nf6# 0-1

[Event "St Chely d'Aubrac op 11th"]
[Site "St Chely d'Aubrac"]
[Date "2011.07.11"]
[Round "3"]
[White "Souttre, Matthieu"]
[Black "Levy, Nicolas"]
[Result "1-0"]
[WhiteElo "1490"]
[BlackElo "1657"]
[PlyCount "93"]
[EventDate "2011.07.09"]
[EventType "swiss"]
[EventRounds "7"]
[EventCountry "FRA"]
[SourceTitle "CBM 143 Extra"]
[Source "ChessBase"]
[SourceDate "2011.08.29"]
[SourceVersion "1"]
[SourceVersionDate "2011.08.29"]
[SourceQuality "1"]

1. e4 c5 2. Nf3 e6 3. d4 cxd4 4. Nxd4 a6 5. Nc3 Qc7 6. Bd3 Nf6 7. Bg5 Be7 8. Qe2 d5 9. exd5 Nxd5 10. Nxd5 exd5 11. Qxe7+ Qxe7+ 12. Bxe7 Kxe7 13. 0-0-0 Nc6 14. Rhe1+ Kd6 15. Nf5+ Bxf5 16. Bxf5 Rhe8 17. Be4 Ne7 18. Kb1 h6 19. c4 Rad8 20. Bxd5 Nxd5 21. Rxd5+ Kc6 22. Rxd8 Rxe1+ 23. Kc2 Re2+ 24. Rd2 Re4 25. Kc3 Kc5 26. b3 Kc6 27. Kd3 Re7 28. Re2 Rxe2 29. Kxe2 Kc5 30. a3 Kd4 31. Kd2 g6 32. f3 f6 33. g4 g5 34. h3 a5 35. a4 b6 36. Kc2 Kc5 37. Kc3 Kc6 38. Kd4 Kd6 39. Kd3 Kc5 40. Kc3 Kc6 41. b4 Kb7 42. b5 Kc7 43. Kd3 Kd7 44. Ke4 Kd6 45. Kd4 Kc7 46. c5 bxc5+ 47. Kxc5 1-0

[Event "St Chely d'Aubrac op 10th"]
[Site "St Chely d'Aubrac"]
[Date "2010.07.11"]
[Round "2"]
[White "Devoille, Hugo"]
[Black "Souttre, Matthieu"]
[Result "1-0"]
[WhiteElo "1746"]
[BlackElo "1550"]
[PlyCount "113"]
[EventDate "2010.07.10"]
[EventType "swiss"]
[EventRounds "9"]
[EventCountry "FRA"]
[SourceTitle "CBM 137 Extra"]
[Source "ChessBase"]
[SourceDate "2010.09.01"]
[SourceVersion "1"]
[SourceVersionDate "2010.09.01"]
[SourceQuality "1"]

1. e4 e5 2. Nf3 Nc6 3. Bb5 Bc5 4. 0-0 d6 5. c3 a6 6. Ba4 b5 7. Bc2 Bg4 8. h3 Bh5 9. Re1 Nf6 10. d3 0-0 11. Nbd2 Re8 12. Nf1 d5 13. Qe2 d4 14. a3 a5 15. Ng3 Bg6 16. Bg5 h6 17. Bh4 Bh7 18. Nh5 g5 19. Nxf6+ Qxf6 20. Bg3 b4 21. Ba4 Ra6 22. Bxc6 Rxc6 23. Bxe5 Rxe5 24. cxd4 Bxd4 25. Nxd4 Rd6 26. Nf3 Re8 27. axb4 axb4 28. Qc2 Red8 29. e5 Bxd3 30. Qc1 Rc6 31. exf6 Rxc1 32. Raxc1 Rc8 33. Ne5 Bb5 34. Rc5 Ba4 35. Nc6 Bxc6 36. Rxc6 Kh7 37. Re7 Kg6 38. Rcxc7 Rxc7 39. Rxc7 Kxf6 40. Rb7 Ke6 41. Rxb4 f5 42. Rb6+ Ke5 43. Rxh6 Ke4 44. b4 Kd5 45. b5 g4 46. b6 gxh3 47. gxh3 f4 48. b7 f3 49. b8Q Ke4 50. Rh5 Kd4 51. Ra5 Kc4 52. Qb5+ Kd4 53. Ra4+ Kc3 54. Qb4+ Kc2 55. Ra3 Kc1 56. Ra2 Kd1 57. Qb1# 1-0